| 000 | 00925aab a2200205 i 4500 | ||
|---|---|---|---|
| 001 | 768714001 | ||
| 003 | CO-MdFUSB | ||
| 005 | 20240422104704.0 | ||
| 008 | 240410t1984 ag ||||| |||| 00| 0 spa d | ||
| 040 |
_bspa _cCO-MdFUSB |
||
| 041 | _aspa | ||
| 100 | 1 |
_aPadilla, C. René _eautor |
|
| 245 |
_aJusticia y paz _c/ C. René Padilla |
||
| 300 |
_aVolumen 3, número 4 (diciembre, 1984), páginas: 140 - 143 _c; 27 cm |
||
| 520 | _aEste artículo menciona que la paz, se impone como un objetivo político prioritario que ningún gobierno responsable puede descuidar, además señala que la paz tiene sus condiciones. Por tanto, a menos que se cumplan, el ideal de la paz no pasa de ser un mero deseo sin posibilidades de realización. | ||
| 650 | 7 |
_aJusticia _92116 |
|
| 653 | _aPaz | ||
| 773 | 0 |
_tIglesia y Misión _049402 _959687 _gVolumen 3, número 4 (diciembre, 1984), páginas: 140 - 143 _qpágina: 140 |
|
| 942 | _cANA | ||
| 999 |
_c51503 _d51503 |
||